000 00322nam a2200109Ia 4500
008 171211s9999 xx 000 0 und d
245 4 _aThe Complete Denture: A Clinical Pathway, 2 Edition
245 _cMichael I. MacEntee
260 _c2014
650 _xHEALTH
856 _uhttp://down.ebook777.com/014/978-0867153507.pdf
999 _c348408
_d348408